Les mots de la langue française terminés par "soir" - Statistiques

Statistiques générales
  • Ce quiz a été pris 171 fois
  • Le résultat moyen est 6 sur 11
Statistiques - réponses
Indice Mot % Correct
good evening en anglais bonsoir
94%
être sur le fil du ... rasoir
93%
la tombée de la nuit soir
89%
sert au jardinier arrosoir
76%
appareil permettant d'extraire le jus de pomme, de raisin pressoir
70%
bouton sur lequel on appuie pour déclencher un mécanisme poussoir
64%
vase brûle-parfum encensoir
44%
évacuateur de crue déversoir
24%
objet de culte en forme de soleil ostensoir
14%
pièce de charrue versoir
13%
autel provisoire reposoir
4%
Aucun quiz correspondant
Distribution des résultats
% des personnes avec chaque résultat
Percentile par nombre de réponses
Votre historique - résultats
Vous n’avez pas pris ce quiz